The Salivary system / (Record no. 12929)

000 -LEADER
fixed length control field 00410nam a2200169 a 4500
020 ## - INTERNATIONAL STANDARD BOOK NUMBER
ISBN 0849366895
040 ## - CATALOGING SOURCE
Transcribing agency DLC
082 ## - DEWEY DECIMAL CLASSIFICATION NUMBER
Classification number 612 CRC 1987 A044 Or.
245 04 - TITLE STATEMENT
Title The Salivary system /
260 ## - PUBLICATION, DISTRIBUTION, ETC. (IMPRINT)
Place of publication Boca Raton, Fla. :
Name of publisher CRC Press,
Year of publication c1987
300 ## - PHYSICAL DESCRIPTION
Number of Pages 233 p. :
Other physical details ill. ;
Dimensions 26 cm
650 #0 - SUBJECT ADDED ENTRY--TOPICAL TERM
Topical Term Salivary glands
650 #2 - SUBJECT ADDED ENTRY--TOPICAL TERM
Topical Term Saliva
650 #2 - SUBJECT ADDED ENTRY--TOPICAL TERM
Topical Term Salivary Glands
700 1# - ADDED ENTRY--PERSONAL NAME
Personal name Sreebny, Leo M.
942 ## - ADDED ENTRY ELEMENTS (KOHA)
Koha item type សៀវភៅភាសាអង់គ្លេស
952 ## - LOCATION AND ITEM INFORMATION (KOHA)
Withdrawn status [LOCAL, KOHA] 0
952 ## - LOCATION AND ITEM INFORMATION (KOHA)
Withdrawn status [LOCAL, KOHA] 0
952 ## - LOCATION AND ITEM INFORMATION (KOHA)
Withdrawn status [LOCAL, KOHA] 0
952 ## - LOCATION AND ITEM INFORMATION (KOHA)
Withdrawn status [LOCAL, KOHA] 0
Holdings
Permanent Location Date acquired Koha item type Lost status Shelving location Barcode Current Location Full call number
Library Block A2017-08-18សៀវភៅភាសាអង់គ្លេស A044A19995Library Block A612 CRC 1987 A044 Or.
Library Block A2017-08-18សៀវភៅភាសាអង់គ្លេស A044A19645Library Block A612 CRC 1987 A044 Or.
Library Block A2017-08-18សៀវភៅភាសាអង់គ្លេស A044A19570Library Block A612 CRC 1987 A044 Or.
Library Block A2017-08-18សៀវភៅភាសាអង់គ្លេស A044A19956Library Block A612 CRC 1987 A044 Or.
មជ្ឈមណ្ឌលឯការនៃសាកលវិទ្យាល័យភូមិន្ទកសិកម្មចំការដូង

Powered by Koha